000 00387nam a2200145Ia 4500
008 240624s9999 xx 000 0 und d
041 _aeng
082 _a332.6323 SPI
100 _aSPIEGELEER JAN DE
245 _aHANDBOOK OF CONVERTIBLE BONDS PRICING ST
250 _a11
260 _c2011
_aUnited Kingdom
_bJohn Wiley & Sons
300 _axvi, : 378 : p. : cm. ; 24
365 _c
_b27
999 _c17659
_d17659